| 000 | 00888 a2200217 4500 | ||
|---|---|---|---|
| 020 | _a3540443894 | ||
| 020 | _a9783540443896 | ||
| 082 | _a519.3 | ||
| 090 |
_c1158 _d1158 |
||
| 100 | 1 | _aSchrijver, Alexander. | |
| 245 | 1 | 0 |
_aCombinatorial optimization / _cAlexander Schrijver. |
| 260 |
_a[S.l.] : _bSpringer, _c2003. |
||
| 300 |
_a1800 p. ; _c26 cm. |
||
| 490 | 1 | _a3 volume, A,b, & c. | |
| 700 | _aSchrijver, Alexander. | ||
| 830 | 0 | _a3 volume, A,b, & c. | |
| 942 |
_aSNS _cBK _k519.3 SCH |
||
| 999 |
_c29771 _d29771 |
||